Score 0/20 Timer 03:00
0 Plays Today
Clue 4-Letter Word % Correct
The opposite of winLOSE
96.7%
⋆ Track on the album
or Zero, in tennis ⋆
⋆ LOVE ⋆
94.3%
Title given to a knighted womanDAME
94.1%
⋆ Kendrick Lamar's 2017 Pulitzer Prize winning album ⋆⋆ DAMN. ⋆
93.8%
⋆ Title track on the album
or '___ Yankees' ⋆
⋆ DAMN. ⋆
93.8%
⋆ Track on the album
or A deadly sin ⋆
⋆ LUST ⋆
93.8%
Uncool or boringLAME
93.6%
Oxidized ironRUST
92.6%
⋆ Track on the album
or Dread, panic or terror ⋆
⋆ FEAR ⋆
91.5%
Most outstandingBEST
91.4%
Clue 4-Letter Word % Correct
ABC show with 4, 8, 15, 16, 23 and 42 LOST
90.6%
Pause in a piece of musicREST
90.5%
Strike or defeatBEAT
90.1%
A storage building for animalsBARN
89.8%
Accomplishment of great effortFEAT
89.5%
The capital of SwitzerlandBERN
89.4%
WashLAVE
89.2%
Common legumeBEAN
88.7%
Ursine animalBEAR
88.7%
Mend a sockDARN
86.9%

Today's Daily Dose

Get the Picture
Which JB?

Remove Ads.
Support Sporcle.
Get the best of Sporcle when you Go Orange. This ad-free experience offers more features, more stats, and more fun while also helping to support Sporcle. Thank you for becoming a member.

You're not logged in!

Compare scores with friends on all Sporcle quizzes.
OR
Log In

Show Comments

Extras

Top Quizzes Today


Score Distribution

Your Account Isn't Verified!

In order to create a playlist on Sporcle, you need to verify the email address you used during registration. Go to your Sporcle Settings to finish the process.

Report this User

Report this user for behavior that violates our Community Guidelines.

Details: